000 00548nam a22001695i 4500
001 53670
003 ES-MaACL
005 20230906162816.0
007 t|
008 960704s1870 sp ||||1| spa d
040 _aCAM
_bspa
_cCAM
100 1 _aFernández Carril, Antonio.
_949555
245 1 0 _aCompendio de patología médica
_b: dedicado a los jóvenes escolares /
_cpor Antonio Fernandez Carril.
260 _aMadrid :
_b[s.n.],
_c1870 (
_fimprenta a cargo de Fernando Cao)
300 _a172, [1] p. ;
_c17 cm.
852 _aES-MaACL
_jT-596-F-7
999 _c53670
_d53670